01631 a2200265 4500003000500000005001700005010001700022020002800039040000900067082001400076100002500090245016500115250001200280260006000292300005800352505063100410538002901041650003401070650003101104700002501135700002101160700002001181856008801201856007601289Nust20170207152515.0 a 2004274110 a0120586614 (alk. paper) cNust00a621.382751 aAnderson, Duwayne R.10aTroubleshooting optical-fiber networks :bunderstanding and using your optical time-domain reflectometer /cDuwayne R. Anderson, Larry Johnson, Florian G. Bell. a2nd ed. aAmsterdam ;aBoston :bElsevier Academic Press,cc2004. axvi, 437 p. :bill. ;c24 cm. +e1 CD-ROM (4 3/4 in.) aEarly Development (Page-1) Fundamentals of Fiber Optics (Page-13) Fundamentals of OTDR operation (Page-59) Performance Characteristics of OTDRs (Page-103) Measuring Non reflective Events (Page-153) Loss-measurement error (Page-179)Measuring reflective Events (Page-209) Complication Caused by Reflective Events (Page-249)Measuring the Numerical Aperture and Mode Field (Page-267) Analyzing Passive Network Containing (Page-279)Automatic Event Making Algorithms (Page-291) Test Fixtures (Page-329)Polarization Mode Dispersion (Page-343)Dispersion in optical Fibers (Page-359) Consideration when Selecting an OTDR (Page-379). aAlmirah No 26 Shelf No 6 0aTelecommunication engineering 0aTime-domain reflectometry.1 aAnderson, Duwayne R.1 aBell, Florian G.1 aJohnson, Larry,413Publisher descriptionuhttp://www.loc.gov/catdir/description/els051/2004274110.html413Table of contentsuhttp://www.loc.gov/catdir/toc/els051/2004274110.html